000 01212nam a2200325Ia 4500
005 20220317001404.0
008 161108s2010 ck a g 000 0 spa
020 _a9588243076
082 0 4 _a596.9
_bC66o
100 _aCoppens, Yves
_d1934-
245 1 4 _aLos orígenes del hombre
_cYves Coppens ; ilustraciones de Sacha Gepner ; texto compilado por Soizik Moreau ; traducción del italiano Juanita Cajiao
250 _a1a. edición
300 _a61 páginas
_bilustraciones y fotos en color
_c32 cm
500 _aIncluye datos biográficos del autor
534 _tLe origini dell´ Uomo
586 _aPremio Hans Christian Andersen 2008
650 1 4 _2LEMB
_aOrigen de la vida
_xHistoria
650 1 4 _2LEMB
_aOrigen de las especies
_xHistoria
650 1 4 _2LEMB
_aEvolución humana
650 1 4 _2LEMB
_aHombre primitivo
700 1 _aGepner, Sacha
_eilustradora
_971984
700 1 _aMoreau, Soizik
_ecompilador
_971985
700 1 _aCajiao, Juanita
_etraductora
_971986
942 _2ddc
_cBK
264 _aBogotá
_bCangrejo
_bGato Azul
_c2010
336 _atexto
_btxt
_2rdacontent
337 _asin mediación
_bn
_2rdamedia
338 _avolumen
_bnc
_2rdacarrier
040 _aCO-BoRNBP
_bspa
_erda
_cCO-BoRNBP
999 _c6823
_d6823